<?xml version="1.0" encoding="UTF-8"?>
<collection xmlns="http://www.loc.gov/MARC21/slim">
<record>
  <controlfield tag="001">300387</controlfield>
  <controlfield tag="005">20240928181113.0</controlfield>
  <datafield tag="035" ind1=" " ind2=" ">
    <subfield code="a">G:(GEPRIS)392464380</subfield>
  </datafield>
  <datafield tag="024" ind1="7" ind2=" ">
    <subfield code="a">G:(GEPRIS)392464380</subfield>
    <subfield code="d">392464380</subfield>
  </datafield>
  <datafield tag="040" ind1=" " ind2=" ">
    <subfield code="a">GEPRIS</subfield>
    <subfield code="c">http://gepris.its.kfa-juelich.de</subfield>
  </datafield>
  <datafield tag="150" ind1=" " ind2=" ">
    <subfield code="a">Neuronale Grundlagen von Entscheidungsverhalten im Kontext von Futtersuche</subfield>
    <subfield code="y">2017 - 2021</subfield>
  </datafield>
  <datafield tag="371" ind1=" " ind2=" ">
    <subfield code="a">Dr. Sarah Starosta</subfield>
  </datafield>
  <datafield tag="450" ind1=" " ind2=" ">
    <subfield code="a">DFG project G:(GEPRIS)392464380</subfield>
    <subfield code="w">d</subfield>
    <subfield code="y">2017 - 2021</subfield>
  </datafield>
  <datafield tag="510" ind1="1" ind2=" ">
    <subfield code="a">Deutsche Forschungsgemeinschaft</subfield>
    <subfield code="0">I:(DE-588b)2007744-0</subfield>
    <subfield code="b">DFG</subfield>
  </datafield>
  <datafield tag="680" ind1=" " ind2=" ">
    <subfield code="a">Im Alltag sind wir kontinuierlich mit der Entscheidung konfrontiert, ob wir die Option, die wir einmal gewählt haben beibehalten oder zu einer neuen Strategie/ Option wechseln. Soll ich mein altes Auto behalten, dessen Wert kontinuierlich sinkt, oder sollte ich Geld investieren, um ein neues zu kaufen? Diese Entscheidung hängt unter anderem davon ab, wie hoch der subjektiv empfundene Wertverlust ist, wenn man das alte Auto behält, wie viel man für ein neues investieren muss und welche Autos auf dem Markt sind. Trotz der Bedeutung dieser Art von „stay-or-leave“ Entscheidungen im Alltag konzentrieren sich die meisten neurowissenschaftlichen Studien auf die Erforschung von Entscheidungen, die auf perzeptuellen Informationen oder dem Wert, der mit zwei verschieden Optionen assoziiert ist (two-alternative-forced choice Aufgaben) basieren. Aber Entscheidungen zwischen der Beibehaltung der akutellen Option im Gegensatz zum Wechsel der Option sind weitaus weniger erforscht. Daher hat das hier vorgeschlagene Forschungsprojekt zum Ziel, die neuronale Basis dieser „stay-or-leave“ Entscheidungen im Futtersuchkontext zu erforschen. Das Projekt basiert auf einer klassischen ethologischen Theorie – dem Marginal Value Theorem (MVT). Studien berichten einheitlich, dass Entscheidungsverhalten im Kontext von Futtersuchverhalten durch die von der MVT postulierte Entscheidungsregel umfassend beschrieben werden kann. Auf neuronaler Ebene weisen Studien auf eine Beteiligung eines Teils des präfrontalen Kortex (anterior cingulate cortex, ACC) bei der Entscheidungsfindung im Futtersuchkontext hin. Allerdings fehlt ein umfassendes Verständnis der behavioralen und neuronalen Mechanismen, das auf der Kombination von theoretischen, elektrophysiologischen (korrelativer Zusammenhang) und Inaktivierungsdaten (kausaler Zusammenhang) beruht. Zur Erforschung der Mechanismen von Entscheidungsverhalten auf diesen drei Ebenen möchte ich drei Ziele verfolgen: Als erstes beabsichtige ich, den Verhaltensalgorithmus für die Entscheidungsfindung in einem Modellierungsansatz zu identifizieren. Zweitens sollen neuronale Aktivierungsmuster auf Einzelzellebene im ACC untersucht und getestet werden, ob diese Aktivitätsmuster Verhalten voraussagen. Schließlich werde ich überprüfen, ob das zuvor beschriebene neuronale Aktivitätsmuster im ACC für optimales Entscheidungsverhalten notwendig ist, d.h. ich werde die neuronale Aktivität im ACC hemmen und die auftretenden Verhaltenseffekte beschreiben.</subfield>
  </datafield>
  <datafield tag="909" ind1="C" ind2="O">
    <subfield code="o">oai:juser.fz-juelich.de:967130</subfield>
    <subfield code="p">authority:GRANT</subfield>
    <subfield code="p">authority</subfield>
  </datafield>
  <datafield tag="980" ind1=" " ind2=" ">
    <subfield code="a">G</subfield>
  </datafield>
  <datafield tag="980" ind1=" " ind2=" ">
    <subfield code="a">AUTHORITY</subfield>
  </datafield>
  <datafield tag="909" ind1="C" ind2="O">
    <subfield code="o">oai:juser.fz-juelich.de:967130</subfield>
  </datafield>
</record>
</collection>